LIBRARY & INFORMATION CENTRE, KCAET, TAVANUR

ONLINE PUBLIC ACCESS CATALOGUE (OPAC)

River and canal hydraulics / (Record no. 1570)

MARC details
000 -LEADER
fixed length control field 00415cam a2200169ua 4500
003 - CONTROL NUMBER IDENTIFIER
control field OSt
008 - FIXED-LENGTH DATA ELEMENTS--GENERAL INFORMATION
fixed length control field 250814b |||||||| |||| 00| 0 eng d
020 ## - INTERNATIONAL STANDARD BOOK NUMBER
ISBN 0412073501
041 ## - LANGUAGE CODE
Language code of text/sound track or separate title eng
082 ## - DEWEY DECIMAL CLASSIFICATION NUMBER
Classification number 627.13
Item number LEL/RI
100 ## - MAIN ENTRY--AUTHOR NAME
Personal name Leliavsky, Serge .
245 ## - TITLE STATEMENT
Title River and canal hydraulics /
250 ## - EDITION STATEMENT
Edition statement 1 /
260 ## - PUBLICATION, DISTRIBUTION, ETC. (IMPRINT)
Place of publication :
Name of publisher Oxford & IBH Publishing company ,
Year of publication 1979.
300 ## - PHYSICAL DESCRIPTION
Number of Pages 228 ; .
942 ## - ADDED ENTRY ELEMENTS (KOHA)
Koha item type Books
Holdings
Withdrawn status Lost status Damaged status Home library Current library Date acquired Full call number Accession Number Koha item type
      KAUAET KAUAET 01/09/1986 627.13 LEL/RI 15565 Books
      KAUAET KAUAET 07/04/2012 627.13 16750 Books
      KAUAET KAUAET 07/04/2012 627.13 LEL/RI 14650 Books
free website counter